|
|
|
|
| LEADER |
00000cam a2200000 c 4500 |
| 001 |
227022904 |
| 003 |
DE-627 |
| 005 |
20260206193155.0 |
| 007 |
tu |
| 008 |
970430s1997 gw ||||| 00| ||ger c |
| 015 |
|
|
|a 97,N19,0194
|2 dnb
|
| 015 |
|
|
|a 99,A17,0535
|2 dnb
|
| 016 |
7 |
|
|a 950240400
|2 DE-101
|
| 020 |
|
|
|a 3825831043
|c : DM 39.80 (brosch.)
|9 3-8258-3104-3
|
| 035 |
|
|
|a (DE-627)227022904
|
| 035 |
|
|
|a (DE-603)054924421
|
| 035 |
|
|
|a (DE-576)059001739
|
| 035 |
|
|
|a (DE-599)GBV227022904
|
| 035 |
|
|
|a (OCoLC)237347425
|
| 035 |
|
|
|a (OCoLC)40303698
|
| 040 |
|
|
|a DE-627
|b ger
|c DE-627
|e rakwb
|
| 041 |
|
|
|a ger
|
| 044 |
|
|
|c XA-DE
|c XA
|
| 084 |
|
|
|a 19
|a 38
|a 17
|a 44
|a 20
|2 sdnb
|
| 084 |
|
|
|a PN 806
|2 rvk
|0 (DE-625)rvk/137738:
|
| 084 |
|
|
|a PH 3770
|2 rvk
|0 (DE-625)rvk/136079:
|
| 084 |
|
|
|a 86.35
|2 bkl
|
| 084 |
|
|
|a 86.88
|2 bkl
|
| 100 |
1 |
|
|8 1\p
|a Bugdahn, Sonja
|0 (DE-588)1251325289
|0 (DE-627)1788803205
|4 aut
|
| 109 |
|
|
|a Bugdahn, Sonja
|
| 245 |
1 |
0 |
|a Abfallkriminalität als Problem der deutschen und europäischen Rechtspolitik
|c Sonja Bugdahn
|
| 263 |
|
|
|a brosch. : DM 39.80
|
| 264 |
|
1 |
|a Münster
|b Lit
|c 1997
|
| 300 |
|
|
|a XI, 205 S.
|b graph. Darst.
|c 21 cm
|
| 336 |
|
|
|a Text
|b txt
|2 rdacontent
|
| 337 |
|
|
|a ohne Hilfsmittel zu benutzen
|b n
|2 rdamedia
|
| 338 |
|
|
|a Band
|b nc
|2 rdacarrier
|
| 490 |
1 |
|
|a Studien zur internationalen Umweltpolitik
|v 7
|
| 500 |
|
|
|a Literaturverz. S. 187 - 205
|
| 502 |
|
|
|a Zugl.: , Münster (Westfalen), Univ., Mag.-Arbeit, 1995
|
| 650 |
0 |
7 |
|0 (DE-588)4000098-9
|0 (DE-627)106402102
|0 (DE-576)208836950
|a Abfall
|2 gnd
|
| 650 |
0 |
7 |
|0 (DE-588)4048737-4
|0 (DE-627)106189719
|0 (DE-576)20907907X
|a Recht
|2 gnd
|
| 650 |
0 |
7 |
|0 (DE-588)4048822-6
|0 (DE-627)106189409
|0 (DE-576)209079401
|a Rechtspolitik
|2 gnd
|
| 689 |
0 |
0 |
|d g
|0 (DE-588)4011882-4
|0 (DE-627)104704861
|0 (DE-576)208896155
|a Deutschland
|2 gnd
|
| 689 |
0 |
1 |
|d s
|0 (DE-588)4000100-3
|0 (DE-627)104235802
|0 (DE-576)208836969
|a Abfallbeseitigung
|2 gnd
|
| 689 |
0 |
2 |
|d s
|0 (DE-588)4121811-5
|0 (DE-627)105766895
|0 (DE-576)209546360
|a Umweltkriminalität
|2 gnd
|
| 689 |
0 |
3 |
|d b
|0 (DE-588)5098525-5
|0 (DE-627)132918269
|0 (DE-576)194702391
|a Europäische Union
|2 gnd
|
| 689 |
0 |
|
|5 DE-101
|
| 689 |
1 |
0 |
|d s
|0 (DE-588)4121811-5
|0 (DE-627)105766895
|0 (DE-576)209546360
|a Umweltkriminalität
|2 gnd
|
| 689 |
1 |
1 |
|d b
|0 (DE-588)5098525-5
|0 (DE-627)132918269
|0 (DE-576)194702391
|a Europäische Union
|2 gnd
|
| 689 |
1 |
|
|5 (DE-627)
|
| 830 |
|
0 |
|a Studien zur internationalen Umweltpolitik
|v 7
|9 7
|w (DE-627)244023085
|w (DE-576)031405649
|w (DE-600)1427968-X
|7 am
|
| 883 |
|
|
|8 1\p
|a cgwrk
|d 20241001
|q DE-101
|u https://d-nb.info/provenance/plan#cgwrk
|
| 935 |
|
|
|i Blocktest
|
| 935 |
|
|
|h HEB
|i 0501
|
| 935 |
|
|
|h HEB
|i 0503
|
| 936 |
r |
v |
|a PN 806
|b Abfallrecht, Altlasten
|k Rechtswissenschaft
|k Verwaltungswissenschaften und Verwaltungsrecht
|k Besonderes Verwaltungsrecht
|k Recht der Naturnutzung und des Umweltschutzes
|k Sonstige Umweltmaterien
|k Abfallrecht, Altlasten
|0 (DE-627)1270707639
|0 (DE-625)rvk/137738:
|0 (DE-576)200707639
|
| 936 |
r |
v |
|a PH 3770
|b Unerlaubter Umgang mit gefährlichen Abfällen
|k Rechtswissenschaft
|k Strafrecht, Strafverfahrensrecht, Kriminologie
|k Strafrecht
|k Straftaten gegen die Umwelt
|k Unerlaubter Umgang mit gefährlichen Abfällen
|0 (DE-627)1272124878
|0 (DE-625)rvk/136079:
|0 (DE-576)202124878
|
| 936 |
b |
k |
|a 86.35
|j Strafrecht: Besonderer Teil
|0 (DE-627)106416731
|
| 936 |
b |
k |
|a 86.88
|j Gemeinschaftsaufgaben
|j Rechtsvereinheitlichung
|0 (DE-627)181572052
|
| 936 |
s |
n |
|a p100
|2 mzub
|
| 936 |
s |
n |
|a z220
|2 mzub
|
| 936 |
s |
n |
|a q100
|2 mzub
|
| 936 |
s |
n |
|a a500
|2 mzub
|
| 936 |
s |
n |
|a z210
|2 mzub
|
| 936 |
s |
n |
|a m100
|2 mzub
|
| 951 |
|
|
|a BO
|
| ELC |
|
|
|b 1
|
| LOK |
|
|
|0 000 xxxxxcx a22 zn 4500
|
| LOK |
|
|
|0 001 3185221966
|
| LOK |
|
|
|0 003 DE-627
|
| LOK |
|
|
|0 004 227022904
|
| LOK |
|
|
|0 005 20151116135110
|
| LOK |
|
|
|0 008 150728||||||||||||||||ger|||||||
|
| LOK |
|
|
|0 035
|a (DE-21-110)kd52416
|
| LOK |
|
|
|0 040
|a DE-21-110
|c DE-627
|d DE-21-110
|
| LOK |
|
|
|0 689
|a s
|a Abfallkriminalität
|
| LOK |
|
|
|0 852
|z Kein Bestand am IfK; Nachweis für KrimDok
|
| LOK |
|
|
|0 852
|a DE-21-110
|
| LOK |
|
|
|0 852 1
|9 00
|
| LOK |
|
|
|0 935
|a k110
|
| LOK |
|
|
|0 939
|a 28-07-15
|b l01
|
| ORI |
|
|
|a SA-MARC-krimdoka001.raw
|
| TIM |
|
|
|a 100019901003_100020261231
|b 1990-10-03 - 2026
|